Colombia vision prospectiva (Registro nro. 243320)

Detalles MARC
001 - NÚMERO DE CONTROL
campo de control 756966
005 - FECHA Y HORA DE LA ÚLTIMA TRANSACCIÓN
campo de control 20240703090047.0
008 - DATOS DE LONGITUD FIJA--INFORMACIÓN GENERAL
campo de control de longitud fija 020624e20001201 spa
035 ## - NÚMERO DE CONTROL DEL SISTEMA
Número de control de sistema 756966
035 ## - NÚMERO DE CONTROL DEL SISTEMA
Número de control de sistema (OCoLC)819977039
040 ## - FUENTE DE LA CATALOGACIÓN
Centro/agencia transcriptor comduadb
041 ## - CÓDIGO DE LENGUA
Código de lengua del texto/banda sonora o título independiente spa
100 10 - ENTRADA PRINCIPAL--NOMBRE DE PERSONA
Nombre de persona Echeverri, Rafael
Código de función aut
Término indicativo de función/relación Autor/a
9 (RLIN) 258479
245 10 - MENCIÓN DE TÍTULO
Título Colombia vision prospectiva
650 ## - PUNTO DE ACCESO ADICIONAL DE MATERIA--TÉRMINO DE MATERIA
Término de materia o nombre geográfico como elemento de entrada Sociedad civil - Colombia
9 (RLIN) 73217
650 #7 - PUNTO DE ACCESO ADICIONAL DE MATERIA--TÉRMINO DE MATERIA
Término de materia o nombre geográfico como elemento de entrada Modelos de desarrollo
Fuente del encabezamiento o término lemb
9 (RLIN) 13442
650 #7 - PUNTO DE ACCESO ADICIONAL DE MATERIA--TÉRMINO DE MATERIA
Término de materia o nombre geográfico como elemento de entrada Ciudadanía
Subdivisión geográfica Colombia
Fuente del encabezamiento o término embne
9 (RLIN) 3564
650 ## - PUNTO DE ACCESO ADICIONAL DE MATERIA--TÉRMINO DE MATERIA
Término de materia o nombre geográfico como elemento de entrada Gobernabilidad - Colombia
9 (RLIN) 75992
650 ## - PUNTO DE ACCESO ADICIONAL DE MATERIA--TÉRMINO DE MATERIA
Término de materia o nombre geográfico como elemento de entrada Modelos económicos - Colombia
9 (RLIN) 174539
650 ## - PUNTO DE ACCESO ADICIONAL DE MATERIA--TÉRMINO DE MATERIA
Término de materia o nombre geográfico como elemento de entrada Equidad económica
9 (RLIN) 36488
650 ## - PUNTO DE ACCESO ADICIONAL DE MATERIA--TÉRMINO DE MATERIA
Término de materia o nombre geográfico como elemento de entrada Institucionalización
9 (RLIN) 48033
650 ## - PUNTO DE ACCESO ADICIONAL DE MATERIA--TÉRMINO DE MATERIA
Término de materia o nombre geográfico como elemento de entrada Capital social - Colombia
9 (RLIN) 100832
650 ## - PUNTO DE ACCESO ADICIONAL DE MATERIA--TÉRMINO DE MATERIA
Término de materia o nombre geográfico como elemento de entrada Corrupción política - Colombia
9 (RLIN) 48124
651 #7 - PUNTO DE ACCESO ADICIONAL DE MATERIA--NOMBRE GEOGRÁFICO
Nombre geográfico Colombia
Subdivisión general Administración pública
Fuente del encabezamiento o término lemb
9 (RLIN) 854369
773 0# - ENLACE AL DOCUMENTO FUENTE/ENTRADA DE REGISTRO ANFITRIÓN
Título Boletín de la Sociedad Geográfica de Colombia (Bogotá)
Parte(s) relacionada(s) Vol. 44, No. 131, Dic. 2000, p. 19-28
Número de control del registro 190186
Número Internacional Normalizado para Publicaciones Seriadas 0037-8577
Número bibliográfico anfitrión 85358
942 ## - ELEMENTOS DE ENTRADA AGREGADA (KOHA)
Tipo de ítem Koha Artículo de Revista

No hay ítems disponibles.